00458nam a2200157 a 4500003000200000005001700002008004100019050001800060100001700078245002800095260003900123440000900162942001200171999001900183952009800202020240109080034.0100922s19uu xx 00 eng d aFICbK93 2009 aKrueger, Jim aTomo 6 : truth revealed aManila, Philippines :bOMF,c2009. aTomo 2lcccBK c110806d110806 001040aMUbMUcFICd2010-09-22l0oFIC K93 2009pM1307r2014-04-14 00:00:00w2014-04-14yBK